000 00677nam a2200229Ia 4500
005 20170311111554.0
008 131103s9999 xx 000 0 und d
020 _a9789351381259
_c275.00
040 _aLoreto College
041 _aEnglish
082 _a301
_bABR
100 _aAbraham, Francis
245 _aSociological thought from Comte to Sorokin
_cFrancis Abraham and John Henry Morgan
260 _aBengaluru
_bTrinity
_c2016
300 _axix,263p.
_b22cm
504 _aIncludes bibliographical references
650 _aSociology
650 _aPhilosophy and theory of Social Science
700 _aMorgan, John Henry
_4Auth
850 _aLCLIB
942 _cBK
999 _c40952
_d91431